000 00412nam a22001337a 4500
005 20251129161228.0
008 251129b |||||||| |||| 00| 0 eng d
050 _aTA403
_b.N3
100 _aNash, William A.
245 _aSchaum's Outline of Theory and Problems of Strength of Materials
_cWilliam A. Nash
260 _aNew York
_bMcGraw-Hill Book Company
_c1957
300 _a301p.
_bill.
_c28cm
942 _2lcc
_cBK
_n0
999 _c8459
_d8459